Yoga in the workplace / (Record no. 43614)

MARC details
000 -LEADER
fixed length control field 00661nam a22002057a 4500
005 - DATE AND TIME OF LATEST TRANSACTION
control field 20230417111718.0
008 - FIXED-LENGTH DATA ELEMENTS--GENERAL INFORMATION
fixed length control field 100903t xxu||||| |||| 00| 0 eng d
010 ## - LCCN (DPL NO)
LC control number ENG-101404 ENG-136686
020 ## - INTERNATIONAL STANDARD BOOK NUMBER
Terms of availability 415.00
International Standard Book Number 9789380032825
035 ## - SYSTEM CONTROL NUMBER
System control number EN-84937 EN-120218
037 ## - SOURCE OF ACQUISITION
Source of stock number/acquisition DBAD/PUB
040 ## - CATALOGING SOURCE
Original cataloging agency Dpl
Language of cataloging Eng
082 ## - DEWEY DECIMAL CLASSIFICATION NUMBER
Classification number 613.7
100 ## - MAIN ENTRY--PERSONAL NAME
9 (RLIN) 745
Personal name Shameem Akhtar
245 1# - TITLE STATEMENT
Title Yoga in the workplace /
Statement of responsibility, etc by Shameem Akhtar
260 ## - PUBLICATION, DISTRIBUTION, ETC. (IMPRINT)
Place of publication, distribution, etc Chennai
Name of publisher, distributor, etc Westland
Date of publication, distribution, etc 2010
270 ## - ADDRESS
Address Venkat Towers,165,P.H.Road,opp.Maduravoyal Municipal Office
City Chennai
Postal code 600 095
300 ## - PHYSICAL DESCRIPTION
Extent x,236p.:
Dimensions 20cm (pbk)
Other physical details col. photos
942 ## - ADDED ENTRY ELEMENTS (KOHA)
Institution code [OBSOLETE] dpl
Item type English Books
Source of classification or shelving scheme Dewey Decimal Classification
Call number suffix SHA
Classification part 613.7
Holdings
Withdrawn status Lost status Source of classification or shelving scheme Damaged status Not for loan Collection code Home library Current library Date acquired Source of acquisition Cost, normal purchase price Total Checkouts Full call number Barcode Date last seen Copy number Cost, replacement price Koha item type
    Dewey Decimal Classification   Not For Loan Non-fiction D.B.Act.Division D.B.Act.Division 03/09/2010 DBAD/PUB 295.00   613.7 SHA EN-84937 03/09/2010 1 295.00 English Books
    Dewey Decimal Classification     Non-fiction Shahdara Branch Shahdara Branch 17/04/2023 DBAD/PUB 415.00   613.7 SHA EN-120218 10/04/2026 1 415.00 English Books

© Delhi Public Library
Hit Counter
free hit counter